000 00726nam a22002177a 4500
003 UA-OsUOA
001 94971
007 ta
008 20130220b un ||||| |||| 00| 0 ukr d
100 _aМороз І.М.
090 _a81
_bМ80
942 _cSA
040 _aUA-OsUOA
_bukr
_cUA-OsUOA
_dUA-OsUOA
245 _aВикористання мультимедійних технологій у вивченні іноземної мови
300 _aС.14-19
955 _a0
041 _aukr
080 _a81
773 0 _w94970
_tАнглійська мова та література
_dК.
_d2013
_g4
650 7 _a8 Мовознавство. Художня література. Літературознавство
_2UDC
999 _c381218
_d381218